00853nam a22001937a 4500003000200000005001700002008004100019020002200060050002800082245016500110260006200275300005300337500003300390504005100423650004700474650004700521650005200568650003900620020250822160031.0250822b xxu||||| |||| 00| 0 eng d a978-0-19-831023-5 aTR IB E 183 b.H57 2015 aHistory of the Americas, 1880–1987 : bIB diploma programme /cAlexis Mamaux, David M. Smith, Mark Rogers, Yvonne Berliner, Shannon, Leggett, & Matt Borgmann. aOxford, United Kingdom :bOxford University Press,c2015. aviii, 504 pages :bcolor illustrations ;c28 cm. aOxford IB Diploma Programme. aIncludes bibliographical references and index. aAmericavHistoryv19th centuryvTextbooks. aAmericavHistoryv20th centuryvTextbooks. aUnited StatesvHistoryv1865–1921vTextbooks. aLatin AmericavHistoryvTextbooks.